01154 a2200157 45000010006000000050017000060080041000230030015000640400040000790800099001192450046002182640034002643000018002985050655003161000025009712966520260407155607.0260407a1950 arg spa dAR-UNSa-BCEJYS aAR-UNSa-BCEJYSbspacAR-UNSa-BCEJYS a657.36xBalances de comprobación (balance estimativo). Balances de saldo. Balance intermedio10aLos balances de las sociedades anónimas 1aBuenos Aires :bDepalmac1950 a481p.c24 cm. aParte I: 1. Nociones generales - 2. Las normas vigentes sobre balances y sus antecedentes legislativos - 3. De las varias clases de balances de las sociedades anónimas en nuestro codigo de comercio - 4. La formación del balance - 5. Efectos jurídicos de la aprobación del balance - 6. El depósito y la publicación del balance - 7. Sanciones por la violación de las normas sobre balance - Parte II: El contenido del balance 8. De los rubros del balance en general - 9. Mercaderias y titulos de crédito - 10. Las inmovilizaciones - 11. Creditos y debitos - 12. El capital social - 13. Las reservas - 14. Cuentas de ganancias y perdidas.1 aDe Gregorio, Alfredo